Normal view MARC view
  • ALI HAIDER

Entry Personal Name

Number of records used in: 4

001 - CONTROL NUMBER

  • control field: 100571

003 - CONTROL NUMBER IDENTIFIER

  • control field: NUST

005 - DATE AND TIME OF LATEST TRANSACTION

  • control field: 20221018103149.0

008 - FIXED-LENGTH DATA ELEMENTS

  • fixed length control field: 221018|| aca||aabn | a|a d

040 ## - CATALOGING SOURCE

  • Original cataloging agency: NUST
  • Transcribing agency: NUST

100 ## - HEADING--PERSONAL NAME

  • Personal name: ALI HAIDER

670 ## - SOURCE DATA FOUND

  • Source citation: Work cat.: (NUST)173162: ALI HAIDER, VIRTUAL PAPER BASED FILING SYSTEM, 2014
© 2023 Central Library, National University of Sciences and Technology. All Rights Reserved.